|
|
|
|
| LEADER |
00000nam0a2200000 4500 |
| 001 |
80580 |
| 005 |
20231031094655.0 |
| 010 |
|
|
|a 5253007679
|
| 020 |
|
|
|a RU
|b 93-24193
|
| 035 |
|
|
|a (RuTPU)RU\TPU\book\86610
|
| 090 |
|
|
|a 80580
|
| 100 |
|
|
|a 20050907d1993 m y0rusy5003 ca
|
| 101 |
1 |
|
|a rus
|c eng
|
| 102 |
|
|
|a RU
|
| 105 |
|
|
|a y z 000ay
|
| 200 |
1 |
|
|a Стихотворения и поэмы
|f [Ст. К. Бальмонта, с. 7-74, Коммент. С. И. Бэлзы]
|
| 210 |
|
|
|d 1993
|
| 215 |
|
|
|d 20 см
|a 333,[1] с.
|
| 461 |
|
|
|t Собрание сочинений
|o В 4 т. : [пер. с англ.]
|v Т. 1
|f Э. А. По
|d 1993
|
| 600 |
|
0 |
|a Тимур (Тамерлан)
|c среднеазиатский полководец
|f 1336-1405
|c эмир
|2 stltpui
|3 (RuTPU)RU\TPU\pers\677
|
| 675 |
|
|
|a 82
|z rus
|
| 702 |
|
1 |
|a Бальмонт
|b К.
|4 080
|
| 702 |
|
1 |
|a Бэлза
|b С. И.
|4 080
|
| 801 |
|
0 |
|a RU
|b RuMRKP
|c 19950413
|g psbo
|
| 801 |
|
1 |
|a RU
|b 63413507
|c 20050907
|g PSBO
|
| 801 |
|
2 |
|a RU
|b 63413507
|c 20090218
|g PSBO
|
| 942 |
|
|
|c BK
|